Transistor Substitution Handbook / (Record no. 193539)
[ view plain ]
| 000 -LEADER | |
|---|---|
| fixed length control field | 00738 a2200169 4500 |
| 003 - CONTROL NUMBER IDENTIFIER | |
| control field | Nust |
| 005 - DATE AND TIME OF LATEST TRANSACTION | |
| control field | 20221202150944.0 |
| 040 ## - CATALOGING SOURCE | |
| Transcribing agency | Nust |
| 082 ## - DEWEY DECIMAL CLASSIFICATION NUMBER | |
| Classification number | 621.381528,HOW |
| 100 ## - MAIN ENTRY--PERSONAL NAME | |
| Personal name | Howard W. Sams |
| 245 ## - TITLE STATEMENT | |
| Title | Transistor Substitution Handbook / |
| Statement of responsibility, etc. | Howard W. Sams |
| 260 ## - PUBLICATION, DISTRIBUTION, ETC. | |
| Place of publication, distribution, etc. | New york |
| Name of publisher, distributor, etc. | the Bobbs -Merrill |
| Date of publication, distribution, etc. | 1965 |
| 300 ## - PHYSICAL DESCRIPTION | |
| Extent | 120p; |
| 505 ## - FORMATTED CONTENTS NOTE | |
| Formatted contents note | Introduction (Page-5), A Guide To Making Transistor Substitutions (Page-7), Transistor Substitutes (Page-9), Recommended Substitutes And Applications (Page-93), Alphabetical Listing Of Applications (Page-97), Germanium Diodes (Page-103), Silicon Diodes (Page-109), Terminal Guides (Page-113), Key To Manufacturers (Page-125). |
| 650 ## - SUBJECT ADDED ENTRY--TOPICAL TERM | |
| Topical term or geographic name entry element | Telecommunication Engineering |
| 942 ## - ADDED ENTRY ELEMENTS (KOHA) | |
| Source of classification or shelving scheme | |
| Koha item type | Book |
| Withdrawn status | Lost status | Source of classification or shelving scheme | Damaged status | Not for loan | Permanent Location | Current Location | Date acquired | Full call number | Barcode | Date last seen | Price effective from | Koha item type | Public note |
|---|---|---|---|---|---|---|---|---|---|---|---|---|---|
| Military College of Signals (MCS) | Military College of Signals (MCS) | 12/12/2016 | 621.381528,HOW | MCS7411 | 12/08/2016 | 12/12/2016 | Book | Almirah No.34, Shelf No.1 |
